Calculus (Record no. 77985)

MARC details
000 -LEADER
fixed length control field 00756nam a2200157 a 4500
008 - FIXED-LENGTH DATA ELEMENTS--GENERAL INFORMATION
fixed length control field 120416s1978 ||||||||||||||||| || u
050 ## - LIBRARY OF CONGRESS CALL NUMBER
Classification number QA 303 Ope
245 10 - TITLE STATEMENT
Title Calculus
246 ## -
-- The Open University
260 ## - PUBLICATION, DISTRIBUTION, ETC.
Place of publication, distribution, etc. Milton Keynes
Name of publisher, distributor, etc. The Open University Press
Date of publication, distribution, etc. 1978
300 ## - PHYSICAL DESCRIPTION
Extent 3v.
350 ## -
-- 0.00
995 ## -
-- BINDERY (DAMAGED)
-- 0.00
-- 724125
-- CBU-MAIN LIBRARY (Kitwe)
-- 3
-- 0.00
-- QA 303 Ope
-- 2
-- DAMAGED
-- 011843
-- Main Library Open Access Collection
995 ## -
-- BINDERY (DAMAGED)
-- 0.00
-- 724127
-- CBU-MAIN LIBRARY (Kitwe)
-- 1
-- 0.00
-- QA 303 Ope
-- 1
-- DAMAGED
-- 011840
-- Main Library Open Access Collection
995 ## -
-- BINDERY (DAMAGED)
-- 0.00
-- 724129
-- CBU-MAIN LIBRARY (Kitwe)
-- 2
-- 0.00
-- QA 303 Ope
-- 3
-- DAMAGED
-- 011844
-- Main Library Open Access Collection
999 ## -
-- 77985
-- 77985
Holdings
Withdrawn status Lost status Source of classification or shelving scheme Damaged status Not for loan Permanent Location Current Location Shelving location Date acquired Total Checkouts Full call number Barcode Date last seen Copy number Price effective from Koha item type
          CBU-MAIN LIBRARY, KITWE. CBU-MAIN LIBRARY, KITWE.   05/03/2023   QA 303 Ope 011843 05/03/2023 1 05/03/2023 MONOGRAPH
          CBU-MAIN LIBRARY, KITWE. CBU-MAIN LIBRARY, KITWE.   05/03/2023   QA 303 Ope 011840 05/03/2023 2 05/03/2023 MONOGRAPH
          CBU-MAIN LIBRARY, KITWE. CBU-MAIN LIBRARY, KITWE.   05/03/2023   QA 303 Ope 011844 05/03/2023 3 05/03/2023 MONOGRAPH